00896cam a2200265 i 4500001001000000003000900010005001700019008004100036040000900077041000800086082001900094100002100113245014800134260001200282264002500294300001200319336002700331337003300358338002800391650002500419650004300444942000700487952011900494999001700613768714001CO-MdBIC20231130104724.0231130t1990 -cn||||| m||| 00| 0 eng d bspa.0 aeng04aG 231.3 W7462p1 aWilson, Garth B.10aThe puritan doctrine of the Holy Spirit : A critical investigation of a crucial chapter in the history of pretestant theology / Garth B. Wilson aToronto bKonx collegec[1990] a359 Pag atextobtxt2rdacontent 2rdamediaasin mediaciónbn 2rdacarrieravolumenbnc10aEspíritu Santo95017aTeología dogmática96938vHistoria cBK 001040708GENaFUSBCbFUSBCd2004-12-03l0oG 231.3 W7462p p25458r2019-12-12 00:00:00t1w2016-01-26yBKB0C3 c34476d34476